000 00767cam a22002657a 4500
003 CHAP
005 20220920170425.0
008 971013s r 00010 d
010 _a40040
011 _a41012
035 _a45138
040 _cCHAP
090 _aR-2057
100 0 0 _aMorales Campos, Estela.
_978232
245 1 3 _aLa educación bibliotecológica en México
500 _aSobretiro de: Ciencia bibliotecaria No. 4: 166-169, 1982
590 _aBATCH-UPD
_b10
_c20130110
590 _aBATCH-UPD
_b10
_c20130410
590 _aBATCH-UPD
_b10
_c20130914
590 _aCONVERSION
_b10
_c20130109
650 1 4 _aBiblioteconomía
_xEstudio y enseñanza.
_912577
901 _aBK
942 _cREIMP
_2local
949 _aR-2057
_bBC
_cB
_d-103284
_eB
_i45138
_si
999 _c40040
_d40040